000 00483nmm a2200157Ia 4500
008 251105s9999||||xx |||||||||||||||||und||
020 _a9788499405216
041 _aspa
100 _aVeres Cortés, Luis
245 0 _aEl sentido de la metaficción : De Woody Allen a Roberto Bolaño
264 _a[Madrid, España] :
_bBiblioteca Nueva,
_c2015
300 _a136 páginas
650 _aLiterature, Theory
856 _uhttps://public.digitaliapublishing.com/a/38170
942 _cCF
999 _c92722
_d92722